Správa o 19. schôdzi Národnej rady Slovenskej republiky [IV. volebné obdobie : 1. rokovací deň - 29. januára 2008 : 2. rokovací deň - 30. januára 2008 : 3. rokovací deň - 31. januára 2008] [I. časť]

Bibliographic Details
Corporate Author: Slovensko. Národná rada (Author)
Format: Book
Language:Slovak
PhysicalDescription:349 s. 21 cm
Published: Bratislava Oganizačný odbor Kancelárie Národnej rady SR 2008
Edition:[1. vyd.]
Subjects:

MARC

LEADER 00000nam a2200000 a 4500
001 vtls009470566
003 SK-MaSNL
005 20260425225736.0
008 160610s2008 xo f 000 0 slo
015 |a SNBI2009/02-00338 
035 |a 5869E2A3-8BC7-4FF1-9F9F-583471358F40 
035 |a urn:nbn:sk:snk-amlbio 
035 |a urn:nbn:sk:snk-am00921j 
040 |a SNK  |b slo  |c SNK  |e AACR2 
041 0 |a slo 
043 |a e-xo--- 
044 |a xo  |c SK 
072 7 |a 328  |x Zastupiteľské orgány. Vlády  |2 konspekt 
080 |a (437.6)  |2 2001 
080 |a (055)  |2 2001 
080 |a 328.1  |2 2001 
110 1 |a Slovensko.  |b Národná rada  |4 aut  |9 165573 
245 1 0 |a Správa o 19. schôdzi Národnej rady Slovenskej republiky  |b [IV. volebné obdobie : 1. rokovací deň - 29. januára 2008 : 2. rokovací deň - 30. januára 2008 : 3. rokovací deň - 31. januára 2008]  |n [I. časť] 
250 |a [1. vyd.] 
260 |a Bratislava  |b Oganizačný odbor Kancelárie Národnej rady SR  |c 2008 
300 |a 349 s.  |c 21 cm 
366 |e 51 výt. 
610 1 7 |a Slovensko.  |b Národná rada  |2 SNKKA  |9 165573 
648 7 |a 29.1.2008  |2 SNKPH  |9 406278 
648 7 |a 30.1.2008  |2 SNKPH  |9 406279 
648 7 |a 31.1.2008  |2 SNKPH  |9 406280 
650 0 7 |a zasadania  |2 SNKPH  |9 284751 
651 7 |a Bratislava (Slovensko)  |2 SNKPH  |9 14568 
655 7 |a uznesenia  |2 SNKPH  |9 70216 
655 7 |a stenografické správy  |2 SNKPH  |9 284752 
852 |a Štátna vedecká knižnica v Banskej Bystrici 
958 |a OND 
999 |c 657486  |d 659416 
952 |a SNK  |b SNK  |y PREZ  |7 0  |p 17A0610559  |o snkSC 134427/1  |i snk2009/2045  |8 0  |0 0  |1 0  |4 0  |d 2009-02-09  |f 1  |l 0  |r 2025-06-30 00:00:00  |w 2026-02-23 
952 |a SNK  |b SNK  |y VYP  |7 0  |p 17A0610560  |o snkSC 134427/1 D1  |i snk2009/2046  |8 0  |0 0  |1 0  |4 0  |d 2009-02-09  |l 0  |r 2026-02-23 18:42:39  |w 2026-02-23